[Event "Winnipeg TNT Jan op"]
[Site "Winnipeg CAN"]
[Date "2004.01.27"]
[Round "4"]
[White "Nair, Krishnan"]
[Black "Mor, Shai"]
[Result "0-1"]
[WhiteElo "1245"]
[BlackElo "1497"]
[PlyCount "80"]
[GameId "2160767911209018"]
[EventDate "2004.01.06"]
[EventType "swiss"]
[EventRounds "4"]
[EventCountry "CAN"]
[SourceTitle "EXT 2005"]
[Source "ChessBase"]
[SourceDate "2004.11.15"]
[SourceVersion "1"]
[SourceVersionDate "2004.11.15"]
[SourceQuality "1"]

1. e4 c5 2. d4 e6 3. Nf3 Nc6 4. d5 Nce7 5. d6 Nc6 6. e5 f6 7. Bf4 Qa5+ 8. c3 c4 9. Bxc4 fxe5 10. b4 Nxb4 11. Nxe5 Nc6 12. Qh5+ g6 13. Qg5 Bxd6 14. O-O Bxe5 15. Bxe5 Qxe5 16. Qxe5 Nxe5 17. Bb3 Ne7 18. Re1 d6 19. Nd2 Rf8 20. Ne4 Kd7 21. Rad1 d5 22. Nc5+ Kd6 23. Ne4+ Kc7 24. Nc5 Kd6 25. Ne4+ Kc7 26. Ng5 N5c6 27. Nxe6+ Bxe6 28. Rxe6 Rae8 29. Ba4 Rf4 30. Bxc6 bxc6 31. Rde1 Kd7 32. g3 Rf3 33. Kg2 Rxc3 34. Kh3 Rc2 35. f4 Rxa2 36. R6e5 Rb2 37. g4 a5 38. f5 gxf5 39. gxf5 Rbb8 40. f6 Ng6 0-1

[Event "Winnipeg TNT Jan op"]
[Site "Winnipeg CAN"]
[Date "2004.01.27"]
[Round "4"]
[White "Pottinger, Carl"]
[Black "Gibbons, Lorne"]
[Result "1-0"]
[WhiteElo "1628"]
[BlackElo "1358"]
[PlyCount "71"]
[GameId "2160767911209019"]
[EventDate "2004.01.06"]
[EventType "swiss"]
[EventRounds "4"]
[EventCountry "CAN"]
[SourceTitle "EXT 2005"]
[Source "ChessBase"]
[SourceDate "2004.11.15"]
[SourceVersion "1"]
[SourceVersionDate "2004.11.15"]
[SourceQuality "1"]

1. c4 e5 2. g3 Bc5 3. Bg2 Ne7 4. e3 Nbc6 5. Ne2 O-O 6. O-O d6 7. d4 exd4 8. exd4 Bb6 9. Nbc3 a6 10. Bg5 f6 11. Be3 Re8 12. Qd2 Bg4 13. f3 Bh5 14. Rad1 Bf7 15. b3 Nf5 16. Bf2 d5 17. cxd5 Bxd5 18. g4 Nfe7 19. Nf4 Bf7 20. d5 Bxf2+ 21. Rxf2 Ne5 22. Re2 Qd6 23. Qd4 Rad8 24. Red2 N5g6 25. Nxg6 Bxg6 26. Ne4 Bxe4 27. Qxe4 Nc8 28. Qd4 Rd7 29. f4 Nb6 30. Be4 c5 31. dxc6 Qxd4+ 32. Rxd4 Rxd4 33. Rxd4 bxc6 34. Bxc6 Re1+ 35. Kf2 Rc1 36. Be4 1-0

[Event "Winnipeg TNT Jan op"]
[Site "Winnipeg CAN"]
[Date "2004.01.27"]
[Round "4"]
[White "Van Wyk, Joseph"]
[Black "Khedkar, Jay S"]
[Result "1-0"]
[WhiteElo "1923"]
[BlackElo "1926"]
[PlyCount "73"]
[GameId "2160767911209020"]
[EventDate "2004.01.06"]
[EventType "swiss"]
[EventRounds "4"]
[EventCountry "CAN"]
[SourceTitle "EXT 2005"]
[Source "ChessBase"]
[SourceDate "2004.11.15"]
[SourceVersion "1"]
[SourceVersionDate "2004.11.15"]
[SourceQuality "1"]

1. e4 c5 2. f4 Nc6 3. Nf3 d6 4. Bc4 e6 5. Nc3 Nf6 6. d3 Be7 7. O-O O-O 8. h3 Na5 9. Be3 d5 10. e5 Ne8 11. Qe2 d4 12. Ne4 Nxc4 13. dxc4 dxe3 14. Rad1 Qc7 15. Qxe3 b6 16. Nfg5 h6 17. Nf3 Bb7 18. g4 Qc6 19. Ng3 Nc7 20. Rd2 Rad8 21. Rdf2 b5 22. b3 bxc4 23. bxc4 Qa6 24. f5 Qxc4 25. f6 Nd5 26. Qc1 gxf6 27. Qxh6 Qf4 28. g5 Rfe8 29. Ne2 Qe3 30. Kh2 Bf8 31. Qh4 fxe5 32. g6 Qh6 33. gxf7+ Kh8 34. fxe8=Q Rxe8 35. Qxh6+ Bxh6 36. Nxe5 Be3 37. Rf8+ 1-0

[Event "Winnipeg TNT July op"]
[Site "Winnipeg CAN"]
[Date "2004.07.06"]
[Round "1"]
[White "Barkman, Daniel"]
[Black "Boron, Anthony"]
[Result "0-1"]
[WhiteElo "1601"]
[BlackElo "1966"]
[PlyCount "46"]
[GameId "2160767911096063"]
[EventDate "2004.07.06"]
[EventType "swiss"]
[EventRounds "4"]
[EventCountry "CAN"]
[SourceTitle "EXT 2006"]
[Source "ChessBase"]
[SourceDate "2005.11.24"]
[SourceVersion "1"]
[SourceVersionDate "2005.11.24"]
[SourceQuality "1"]

1. e4 d5 2. exd5 Qxd5 3. Nc3 Qa5 4. Nf3 Bg4 5. b3 e6 6. Bb2 Nf6 7. Be2 c6 8. O-O Ba3 9. Bxa3 Qxa3 10. h3 Bh5 11. Re1 O-O 12. Bd3 Nbd7 13. Ne4 Nxe4 14. Rxe4 Nf6 15. Rh4 Bxf3 16. Qxf3 h6 17. Rxh6 Qb2 18. c3 gxh6 19. Qxf6 Qxa1+ 20. Kh2 Rfd8 21. Bh7+ Kf8 22. Bg6 Rd7 23. Qh8+ Ke7 0-1

[Event "Winnipeg TNT July op"]
[Site "Winnipeg CAN"]
[Date "2004.07.06"]
[Round "1"]
[White "Estabrooks, Mike"]
[Black "Vincent, Trevor"]
[Result "0-1"]
[WhiteElo "1711"]
[BlackElo "2005"]
[PlyCount "71"]
[GameId "2160767911096064"]
[EventDate "2004.07.06"]
[EventType "swiss"]
[EventRounds "4"]
[EventCountry "CAN"]
[SourceTitle "EXT 2006"]
[Source "ChessBase"]
[SourceDate "2005.11.24"]
[SourceVersion "1"]
[SourceVersionDate "2005.11.24"]
[SourceQuality "1"]

1. e4 c5 2. Nf3 Nc6 3. d4 cxd4 4. Nxd4 e6 5. Nxc6 bxc6 6. b3 d5 7. exd5 exd5 8. Bb2 Nf6 9. Nd2 Bd6 10. c4 O-O 11. Be2 Bb8 12. Nf3 Re8 13. O-O Qd6 14. Bxf6 Qxf6 15. cxd5 Rd8 16. Qd4 Qd6 17. Rfe1 cxd5 18. Bb5 a6 19. Re8+ Rxe8 20. Bxe8 Ba7 21. Qe5 Qxe5 22. Nxe5 Be6 23. Bd7 Bd4 24. Bxe6 Bxa1 25. Bxd5 Rd8 26. Nc6 Rd6 27. Bf3 Bc3 28. Ne7+ Kf8 29. Nf5 Rd2 30. a4 Rb2 31. Bd1 Rb1 32. Ne3 Bd4 33. Kf1 Bxe3 34. Ke2 Bxf2 35. Bc2 Rb2 36. Kd3 0-1

[Event "Winnipeg TNT July op"]
[Site "Winnipeg CAN"]
[Date "2004.07.06"]
[Round "1"]
[White "Lipnowski, Samuel"]
[Black "Costales, Servillano"]
[Result "1-0"]
[WhiteElo "2127"]
[BlackElo "1723"]
[PlyCount "65"]
[GameId "2160767911096065"]
[EventDate "2004.07.06"]
[EventType "swiss"]
[EventRounds "4"]
[EventCountry "CAN"]
[SourceTitle "EXT 2006"]
[Source "ChessBase"]
[SourceDate "2005.11.24"]
[SourceVersion "1"]
[SourceVersionDate "2005.11.24"]
[SourceQuality "1"]

1. e4 e6 2. d4 b6 3. Nf3 Bb7 4. Bd3 d6 5. c4 Nd7 6. d5 exd5 7. cxd5 g6 8. O-O Bg7 9. Nc3 Ne7 10. Bg5 O-O 11. Rc1 Nf6 12. Nb5 Ne8 13. Qc2 a6 14. Nbd4 Qd7 15. Nc6 f6 16. Be3 Kh8 17. Nfd4 Rf7 18. f4 Nxd5 19. exd5 Qg4 20. f5 g5 21. Be2 Qh4 22. Bf2 Qh6 23. Bg4 Bf8 24. Ne6 a5 25. Ncd8 Rxd8 26. Nxd8 Bxd5 27. Nxf7+ Bxf7 28. Qc6 Qg7 29. Rfe1 h5 30. Bd1 Kh7 31. Rxe8 Bxe8 32. Qxe8 d5 33. Qxh5+ 1-0

[Event "Winnipeg TNT July op"]
[Site "Winnipeg CAN"]
[Date "2004.07.06"]
[Round "1"]
[White "Nikouline, Alexandre"]
[Black "Silva, T Romero"]
[Result "1-0"]
[WhiteElo "1986"]
[BlackElo "1604"]
[PlyCount "63"]
[GameId "2160767911096066"]
[EventDate "2004.07.06"]
[EventType "swiss"]
[EventRounds "4"]
[EventCountry "CAN"]
[SourceTitle "EXT 2006"]
[Source "ChessBase"]
[SourceDate "2005.11.24"]
[SourceVersion "1"]
[SourceVersionDate "2005.11.24"]
[SourceQuality "1"]

1. e4 e5 2. Nf3 Nc6 3. Bb5 a6 4. Ba4 Nf6 5. O-O b5 6. Bb3 Be7 7. Re1 O-O 8. c3 d5 9. exd5 Nxd5 10. Nxe5 Nxe5 11. Rxe5 Nf6 12. d4 Bd6 13. Re1 Ng4 14. h3 Qh4 15. Qf3 Nxf2 16. Re2 Nxh3+ 17. gxh3 Bxh3 18. Re4 Bh2+ 19. Kxh2 Bf5+ 20. Rxh4 Bg6 21. Bf4 c5 22. dxc5 Rad8 23. Bd6 Rfe8 24. Nd2 Re6 25. Bxe6 fxe6 26. Rf1 Bf5 27. Qh5 Bg6 28. Rhf4 Bf5 29. Rxf5 exf5 30. Qxf5 h6 31. Qf7+ Kh8 32. Rg1 1-0

[Event "Winnipeg TNT July op"]
[Site "Winnipeg CAN"]
[Date "2004.07.06"]
[Round "1"]
[White "Reimer, Bruce"]
[Black "Lauritson, Jim"]
[Result "1/2-1/2"]
[WhiteElo "1346"]
[BlackElo "1964"]
[PlyCount "40"]
[GameId "2160767911096067"]
[EventDate "2004.07.06"]
[EventType "swiss"]
[EventRounds "4"]
[EventCountry "CAN"]
[SourceTitle "EXT 2006"]
[Source "ChessBase"]
[SourceDate "2005.11.24"]
[SourceVersion "1"]
[SourceVersionDate "2005.11.24"]
[SourceQuality "1"]

1. c4 e5 2. g3 Nf6 3. Bg2 d6 4. Nc3 Be7 5. e4 Nc6 6. Nge2 Bg4 7. f3 Be6 8. d3 Qd7 9. Be3 O-O 10. O-O Bh3 11. Nd5 Bxg2 12. Kxg2 Nd8 13. d4 Nxd5 14. cxd5 Qb5 15. Qc2 c6 16. dxe5 dxe5 17. Nc3 Qa5 18. Qa4 Qxa4 19. Nxa4 b6 20. dxc6 Nxc6 1/2-1/2

[Event "Winnipeg TNT July op"]
[Site "Winnipeg CAN"]
[Date "2004.07.06"]
[Round "1"]
[White "Repa, Jason"]
[Black "Milord, Frank"]
[Result "1-0"]
[WhiteElo "1938"]
[BlackElo "1592"]
[PlyCount "45"]
[GameId "2160767911096068"]
[EventDate "2004.07.06"]
[EventType "swiss"]
[EventRounds "4"]
[EventCountry "CAN"]
[SourceTitle "EXT 2006"]
[Source "ChessBase"]
[SourceDate "2005.11.24"]
[SourceVersion "1"]
[SourceVersionDate "2005.11.24"]
[SourceQuality "1"]

1. b3 g6 2. Bb2 Nf6 3. f4 d5 4. Nf3 Bg7 5. e3 O-O 6. a4 c5 7. Be2 Nc6 8. O-O Be6 9. Bb5 Bg4 10. Bxc6 bxc6 11. d3 a5 12. Nbd2 Nd7 13. Bxg7 Kxg7 14. Qe1 Qc7 15. Qg3 Bxf3 16. Rxf3 e5 17. f5 Qd6 18. Raf1 Qf6 19. fxg6 Qxg6 20. Qf2 Kh8 21. Rxf7 Rg8 22. Rxd7 Raf8 23. Qe2 1-0

[Event "Winnipeg TNT July op"]
[Site "Winnipeg CAN"]
[Date "2004.07.06"]
[Round "1"]
[White "Zaczek, Jonathon"]
[Black "Gibbons, Lorne"]
[Result "1-0"]
[WhiteElo "1890"]
[BlackElo "1331"]
[PlyCount "60"]
[GameId "2160767911096069"]
[EventDate "2004.07.06"]
[EventType "swiss"]
[EventRounds "4"]
[EventCountry "CAN"]
[SourceTitle "EXT 2006"]
[Source "ChessBase"]
[SourceDate "2005.11.24"]
[SourceVersion "1"]
[SourceVersionDate "2005.11.24"]
[SourceQuality "1"]

1. e4 c5 2. Nf3 e6 3. d4 cxd4 4. Nxd4 Bc5 5. Nb3 Be7 6. Nc3 Nc6 7. Bd3 Nf6 8. O-O O-O 9. f4 d5 10. e5 Nd7 11. Rf3 Qb6+ 12. Be3 Bc5 13. Nxc5 Nxc5 14. Na4 Qa5 15. Nxc5 d4 16. Nb3 Qb6 17. Bf2 Ne7 18. Bxd4 Qxd4+ 19. Nxd4 f5 20. exf6 Rxf6 21. Rh3 g6 22. Ne2 Nd5 23. f5 exf5 24. Bc4 f4 25. Bxd5+ Kg7 26. Rc3 Rd6 27. Qd4+ Kh6 28. Qxf4+ g5 29. Qxd6+ Be6 30. Qxe6+ Kh5 1-0

[Event "Winnipeg TNT July op"]
[Site "Winnipeg CAN"]
[Date "2004.07.13"]
[Round "2"]
[White "Boron, Anthony"]
[Black "Zaczek, Jonathon"]
[Result "1-0"]
[WhiteElo "1966"]
[BlackElo "1890"]
[PlyCount "81"]
[GameId "2160767911096071"]
[EventDate "2004.07.06"]
[EventType "swiss"]
[EventRounds "4"]
[EventCountry "CAN"]
[SourceTitle "EXT 2006"]
[Source "ChessBase"]
[SourceDate "2005.11.24"]
[SourceVersion "1"]
[SourceVersionDate "2005.11.24"]
[SourceQuality "1"]

1. e4 c5 2. Nc3 d6 3. f4 Nc6 4. Bb5 Bd7 5. Bxc6 Bxc6 6. Nf3 g6 7. O-O Bg7 8. d3 Nh6 9. Qe1 O-O 10. f5 gxf5 11. Qh4 Ng4 12. exf5 Ne5 13. Ng5 h6 14. Nge4 Kh7 15. f6 Ng6 16. Qh5 exf6 17. Bd2 Re8 18. Bxh6 Bxh6 19. Nxf6+ Kg7 20. Nxe8+ Qxe8 21. Rae1 Qd7 22. Ne4 Bxe4 23. Rxe4 d5 24. Rg4 Rh8 25. Qe5+ Kh7 26. Qh5 Kg8 27. Kh1 Bg7 28. Qf5 Qxf5 29. Rxf5 Ne7 30. Re5 Kf8 31. Rxg7 Kxg7 32. Rxe7 b6 33. Kg1 Ra8 34. Kf2 Kf6 35. Rb7 Ke6 36. h4 f5 37. Kf3 Ke5 38. g3 Ke6 39. Kf4 Kf6 40. Rd7 Ke6 41. Rh7 1-0

[Event "Winnipeg TNT July op"]
[Site "Winnipeg CAN"]
[Date "2004.07.13"]
[Round "2"]
[White "Costales, Servillano"]
[Black "Reimer, Bruce"]
[Result "1-0"]
[WhiteElo "1723"]
[BlackElo "1346"]
[PlyCount "91"]
[GameId "2160767911096072"]
[EventDate "2004.07.06"]
[EventType "swiss"]
[EventRounds "4"]
[EventCountry "CAN"]
[SourceTitle "EXT 2006"]
[Source "ChessBase"]
[SourceDate "2005.11.24"]
[SourceVersion "1"]
[SourceVersionDate "2005.11.24"]
[SourceQuality "1"]

1. e4 d6 2. Nf3 Nf6 3. Nc3 g6 4. d4 Bg7 5. h3 O-O 6. Be3 c6 7. Qd2 Qa5 8. Bd3 Na6 9. Bh6 Nb4 10. Bxg7 Nxd3+ 11. Qxd3 Kxg7 12. O-O Qh5 13. Nh2 b6 14. Ne2 a5 15. Ng3 Qh6 16. c4 d5 17. b3 dxe4 18. Qc3 Kg8 19. Rfe1 Bxh3 20. gxh3 Qxh3 21. Nxe4 Qf5 22. Nxf6+ Qxf6 23. Qe3 e6 24. Rad1 Rad8 25. Kh1 h5 26. Rg1 Rd6 27. Nf3 Rfd8 28. Rde1 Rxd4 29. Nxd4 Rxd4 30. Rg3 Rh4+ 31. Kg2 c5 32. Qg5 Qd4 33. Ree3 Qf4 34. Qxf4 Rxf4 35. Rd3 Rd4 36. Rxd4 cxd4 37. Kf3 h4 38. Rh3 g5 39. Ke4 d3 40. Kxd3 e5 41. Ke4 f6 42. Kf5 Kf7 43. f3 Ke7 44. a3 Kf7 45. b4 axb4 46. axb4 1-0

[Event "Winnipeg TNT July op"]
[Site "Winnipeg CAN"]
[Date "2004.07.13"]
[Round "2"]
[White "Khedkar, Jay S"]
[Black "Nikouline, Alexandre"]
[Result "1-0"]
[WhiteElo "1962"]
[BlackElo "1986"]
[PlyCount "115"]
[GameId "2160767911096073"]
[EventDate "2004.07.06"]
[EventType "swiss"]
[EventRounds "4"]
[EventCountry "CAN"]
[SourceTitle "EXT 2006"]
[Source "ChessBase"]
[SourceDate "2005.11.24"]
[SourceVersion "1"]
[SourceVersionDate "2005.11.24"]
[SourceQuality "1"]

1. e4 c5 2. Nf3 Nc6 3. d4 cxd4 4. Nxd4 Nf6 5. Nc3 e5 6. Ndb5 d6 7. Nd5 Nxd5 8. exd5 Qa5+ 9. Bd2 Qb6 10. dxc6 bxc6 11. Nc3 d5 12. Be2 Bd6 13. O-O O-O 14. Na4 Qd4 15. c4 Qh4 16. g3 Qe7 17. Rc1 Bh3 18. Re1 d4 19. c5 Bc7 20. Bg4 Bxg4 21. Qxg4 f5 22. Qxd4 Qf7 23. Qc4 Qxc4 24. Rxc4 Rad8 25. Bc3 f4 26. Rce4 fxg3 27. hxg3 Rf5 28. Bxe5 Rd2 29. f4 Ba5 30. b4 Rh5 31. R4e2 Bxb4 32. Rxd2 Bxd2 33. Re2 Ba5 34. Bd6 Rd5 35. Nb2 Bc3 36. Kg2 Kf7 37. Nc4 a6 38. Ne5+ Bxe5 39. fxe5 Ke6 40. Rb2 Rd3 41. a4 Ra3 42. Rb6 Kd5 43. Rxa6 g5 44. Ra7 g4 45. Rxh7 Ra2+ 46. Kf1 Ra1+ 47. Ke2 Kd4 48. e6 Ra2+ 49. Kd1 Rxa4 50. e7 Kd3 51. Bf4 Ra1+ 52. Bc1 Ra8 53. Rf7 Rh8 54. Bh6 Re8 55. Bg5 Rh8 56. Kc1 Rh1+ 57. Kb2 Rh2+ 58. Kb3 1-0

[Event "Winnipeg TNT July op"]
[Site "Winnipeg CAN"]
[Date "2004.07.13"]
[Round "2"]
[White "Lauritson, Jim"]
[Black "Prince, Colin"]
[Result "1-0"]
[WhiteElo "1954"]
[BlackElo "1727"]
[PlyCount "55"]
[GameId "2160767911096074"]
[EventDate "2004.07.06"]
[EventType "swiss"]
[EventRounds "4"]
[EventCountry "CAN"]

1. e4 e5 2. Bc4 Nf6 3. d3 d5 4. exd5 Nxd5 5. Qf3 Be6 6. Ne2 Bc5 7. Nbc3 c6 8. Ne4 Be7 9. O-O O-O 10. Qg3 Nd7 11. Bh6 Bf6 12. f4 exf4 13. Nxf4 Bd4+ 14. Kh1 Kh8 15. Bg5 Bf6 16. Nh5 Bxg5 17. Nxg5 g6 18. Nf4 Nxf4 19. Rxf4 Bxc4 20. dxc4 Nf6 21. Raf1 Nh5 22. Qc3+ Kg8 23. Nxf7 Rxf7 24. Rxf7 Qd6 25. Qf3 Qc5 26. g4 Ng7 27. Qf6 Ne8 28. Rf8+ 1-0

[Event "Winnipeg TNT July op"]
[Site "Winnipeg CAN"]
[Date "2004.07.13"]
[Round "2"]
[White "Milord, Frank"]
[Black "Estabrooks, Mike"]
[Result "0-1"]
[WhiteElo "1592"]
[BlackElo "1711"]
[PlyCount "56"]
[GameId "2160767911096075"]
[EventDate "2004.07.06"]
[EventType "swiss"]
[EventRounds "4"]
[EventCountry "CAN"]
[SourceTitle "EXT 2006"]
[Source "ChessBase"]
[SourceDate "2005.11.24"]
[SourceVersion "1"]
[SourceVersionDate "2005.11.24"]
[SourceQuality "1"]

1. e4 d5 2. exd5 Qxd5 3. Nc3 Qa5 4. d4 Nf6 5. Bd2 c6 6. Nf3 Bf5 7. Bc4 e6 8. O-O Nbd7 9. Re1 Be7 10. Nd5 Qd8 11. Nxe7 Qxe7 12. a3 a5 13. h3 Qd6 14. Bg5 b5 15. Bd3 O-O 16. Bxf5 exf5 17. g3 Nd5 18. Qe2 Rfe8 19. Qxe8+ Rxe8 20. Rxe8+ Nf8 21. Rae1 Nf6 22. Bxf6 gxf6 23. R1e7 Qd5 24. Kg2 Kg7 25. Ra8 Ne6 26. h4 Nxd4 27. Re3 Nxc2 28. Rc3 Ne1+ 0-1

[Event "Winnipeg TNT July op"]
[Site "Winnipeg CAN"]
[Date "2004.07.13"]
[Round "2"]
[White "Vincent, Trevor"]
[Black "Repa, Jason"]
[Result "1/2-1/2"]
[WhiteElo "2005"]
[BlackElo "1938"]
[PlyCount "69"]
[GameId "2160767911096076"]
[EventDate "2004.07.06"]
[EventType "swiss"]
[EventRounds "4"]
[EventCountry "CAN"]
[SourceTitle "EXT 2006"]
[Source "ChessBase"]
[SourceDate "2005.11.24"]
[SourceVersion "1"]
[SourceVersionDate "2005.11.24"]
[SourceQuality "1"]

1. c4 e6 2. g3 d5 3. Bg2 Nf6 4. Nf3 Be7 5. O-O O-O 6. Qc2 Nbd7 7. d4 Ne4 8. b3 c6 9. Bb2 f5 10. Nbd2 Qe8 11. Ne5 Qh5 12. Nxd7 Bxd7 13. Nxe4 fxe4 14. f3 Rf6 15. Bc1 Raf8 16. Be3 g5 17. g4 Qg6 18. fxe4 Rxf1+ 19. Rxf1 Rxf1+ 20. Kxf1 e5 21. cxd5 Bxg4 22. dxe5 cxd5 23. Qc7 Qf7+ 24. Bf2 dxe4 25. Bxe4 Bh3+ 26. Kg1 Qf4 27. Bf3 Kf8 28. Qc3 b6 29. Bd4 g4 30. Be3 Bc5 31. Bxc5+ bxc5 32. Qxc5+ Kg7 33. Qe7+ Kh8 34. Bg2 Qc1+ 35. Kf2 1/2-1/2

[Event "Winnipeg TNT July op"]
[Site "Winnipeg CAN"]
[Date "2004.07.13"]
[Round "2"]
[White "Zhou, Lu"]
[Black "Barkman, Daniel"]
[Result "1-0"]
[WhiteElo "1646"]
[BlackElo "1601"]
[PlyCount "65"]
[GameId "2160767911096077"]
[EventDate "2004.07.06"]
[EventType "swiss"]
[EventRounds "4"]
[EventCountry "CAN"]

1. e4 e6 2. d4 d5 3. Nc3 Nf6 4. e5 Nfd7 5. f4 c5 6. Nf3 Nc6 7. Be3 Qb6 8. Rb1 cxd4 9. Nxd4 Bb4 10. Qd2 Qc7 11. a3 Be7 12. Be2 a6 13. O-O O-O 14. Kh1 Nc5 15. b4 Ne4 16. Nxe4 dxe4 17. c4 Bd7 18. Rfd1 f6 19. Nb5 axb5 20. Qxd7 Qxd7 21. Rxd7 Rxa3 22. Bg1 bxc4 23. Bxc4 Kf7 24. b5 Na5 25. Bc5 Nxc4 26. Rxe7+ Kg8 27. Bxa3 Nxa3 28. Rb3 Rd8 29. Kg1 Rd1+ 30. Kf2 Nc2 31. Rc3 e3+ 32. Kg3 h6 33. Rxc2 1-0

[Event "Winnipeg TNT July op"]
[Site "Winnipeg CAN"]
[Date "2004.07.20"]
[Round "3"]
[White "Barkman, Daniel"]
[Black "Reimer, Bruce"]
[Result "1-0"]
[WhiteElo "1601"]
[BlackElo "1346"]
[PlyCount "91"]
[GameId "2160767911096078"]
[EventDate "2004.07.06"]
[EventType "swiss"]
[EventRounds "4"]
[EventCountry "CAN"]
[SourceTitle "EXT 2006"]
[Source "ChessBase"]
[SourceDate "2005.11.24"]
[SourceVersion "1"]
[SourceVersionDate "2005.11.24"]
[SourceQuality "1"]

1. e4 d6 2. d4 Nf6 3. Nc3 g6 4. Nf3 Bg7 5. Bc4 O-O 6. O-O Bg4 7. h3 Bxf3 8. Qxf3 Nc6 9. Be3 e6 10. Rad1 Na5 11. Be2 a6 12. Bg5 h6 13. Bh4 g5 14. Bg3 Nd7 15. e5 d5 16. h4 gxh4 17. Bf4 f5 18. Nxd5 Nc6 19. Ne3 Qe8 20. c3 Rb8 21. Qh3 Qd8 22. Bc4 Qe7 23. Nxf5 Rxf5 24. Qxf5 Nf8 25. Qg4 Kh8 26. Rfe1 Qf7 27. Qxh4 Ng6 28. Qh5 Rf8 29. Bxh6 Qxf2+ 30. Kh1 Qh4+ 31. Qxh4 Nxh4 32. Bxg7+ Kxg7 33. Rf1 Rh8 34. Kg1 Nf5 35. Bxe6 Ng3 36. Rf7+ Kg6 37. Rd3 Rh1+ 38. Kf2 Ne4+ 39. Ke2 Nd8 40. Bf5+ Kxf7 41. Bxe4 Ne6 42. Bd5 Ke7 43. Bxe6 Kxe6 44. Rd1 Rh2 45. Kf3 Rh5 46. Rf1 1-0

[Event "Winnipeg TNT July op"]
[Site "Winnipeg CAN"]
[Date "2004.07.20"]
[Round "3"]
[White "Estabrooks, Mike"]
[Black "Silva, T Romero"]
[Result "1-0"]
[WhiteElo "1711"]
[BlackElo "1604"]
[PlyCount "103"]
[GameId "2160767911096079"]
[EventDate "2004.07.06"]
[EventType "swiss"]
[EventRounds "4"]
[EventCountry "CAN"]
[SourceTitle "EXT 2006"]
[Source "ChessBase"]
[SourceDate "2005.11.24"]
[SourceVersion "1"]
[SourceVersionDate "2005.11.24"]
[SourceQuality "1"]

1. d4 Nf6 2. c4 e6 3. Nf3 c5 4. e3 Be7 5. Nc3 a6 6. Qc2 Qc7 7. e4 cxd4 8. Nxd4 Nc6 9. Nf3 Ne5 10. Nxe5 Qxe5 11. Bd2 O-O 12. Bd3 g6 13. O-O Ng4 14. g3 Qh5 15. h4 e5 16. Nd5 Bxh4 17. gxh4 Qxh4 18. Kg2 Qh2+ 19. Kf3 Qh3+ 20. Ke2 d6 21. Ne7+ Kh8 22. Nxc8 Raxc8 23. Rh1 Nh2 24. Be3 Qf3+ 25. Kd2 Qg2 26. Be2 Nf3+ 27. Kd3 d5 28. exd5 b5 29. b3 f5 30. Raf1 Nd4 31. Qb2 bxc4+ 32. bxc4 Qe4+ 33. Kd2 Nxe2 34. f3 Qxc4 35. Qxe5+ Kg8 36. Rxh7 Qc2+ 37. Ke1 Qc3+ 38. Qxc3 Nxc3 39. Rfh1 Nxd5 40. Bd4 Rc1+ 41. Kd2 Rxh1 42. Rxh1 Nb4 43. Rh8+ Kf7 44. Rxf8+ Kxf8 45. Bc5+ Kf7 46. Bxb4 g5 47. Ke3 Ke6 48. Kd4 Kd7 49. Ke5 g4 50. f4 g3 51. Bc5 a5 52. Kxf5 1-0

[Event "Winnipeg TNT July op"]
[Site "Winnipeg CAN"]
[Date "2004.07.20"]
[Round "3"]
[White "Khedkar, Jay S"]
[Black "Boron, Anthony"]
[Result "1/2-1/2"]
[WhiteElo "1962"]
[BlackElo "1966"]
[PlyCount "89"]
[GameId "2160767911096080"]
[EventDate "2004.07.06"]
[EventType "swiss"]
[EventRounds "4"]
[EventCountry "CAN"]
[SourceTitle "EXT 2006"]
[Source "ChessBase"]
[SourceDate "2005.11.24"]
[SourceVersion "1"]
[SourceVersionDate "2005.11.24"]
[SourceQuality "1"]

1. e4 c5 2. Nf3 Nc6 3. d4 cxd4 4. Nxd4 Nf6 5. Nc3 e6 6. Ndb5 Bb4 7. Nd6+ Ke7 8. Bf4 e5 9. Nf5+ Kf8 10. Bd2 d5 11. exd5 Nxd5 12. Nxd5 Qxd5 13. Bxb4+ Nxb4 14. Ne3 Qxd1+ 15. Rxd1 Be6 16. c3 Nc6 17. Bc4 Bxc4 18. Nxc4 Ke7 19. Ke2 Rhd8 20. Rhe1 f6 21. b4 b5 22. Ne3 Ke6 23. a4 a6 24. Rxd8 Nxd8 25. Ra1 Rc8 26. axb5 axb5 27. Kd3 e4+ 28. Kd2 Nf7 29. Ra6+ Nd6 30. Nf5 Kxf5 31. Rxd6 Rb8 32. Ke3 Ke5 33. Rc6 f5 34. Rc5+ Ke6 35. Kf4 g5+ 36. Kxg5 Rg8+ 37. Kf4 Rxg2 38. Re5+ Kd6 39. Rxf5 Rxf2+ 40. Kxe4 Rxf5 41. Kxf5 Kd5 42. h4 Kc4 43. h5 Kxc3 44. Kg5 Kxb4 45. Kh6 1/2-1/2

[Event "Winnipeg TNT July op"]
[Site "Winnipeg CAN"]
[Date "2004.07.20"]
[Round "3"]
[White "Lauritson, Jim"]
[Black "Vincent, Trevor"]
[Result "1-0"]
[WhiteElo "1964"]
[BlackElo "2005"]
[PlyCount "83"]
[GameId "2160767911096081"]
[EventDate "2004.07.06"]
[EventType "swiss"]
[EventRounds "4"]
[EventCountry "CAN"]
[SourceTitle "EXT 2006"]
[Source "ChessBase"]
[SourceDate "2005.11.24"]
[SourceVersion "1"]
[SourceVersionDate "2005.11.24"]
[SourceQuality "1"]

1. e4 c5 2. c3 d5 3. exd5 Qxd5 4. d4 Nf6 5. Nf3 Bg4 6. dxc5 Qxc5 7. Be3 Qc7 8. Na3 a6 9. Qa4+ Nbd7 10. Nb5 Qb8 11. Nbd4 e6 12. Be2 Be7 13. O-O O-O 14. c4 Qc7 15. Rac1 Nc5 16. Qc2 Bh5 17. b4 Bg6 18. Qc3 Ncd7 19. a3 Rac8 20. Qb2 Ng4 21. g3 Nxe3 22. fxe3 Ne5 23. Rfd1 Ng4 24. Qb3 h5 25. Ne1 Qe5 26. Ndf3 Qc7 27. Ng2 e5 28. Rd2 e4 29. Nd4 Ne5 30. Rcd1 Rcd8 31. Nf4 h4 32. c5 Kh8 33. Kg2 Qc8 34. Nc2 Bf5 35. Rxd8 Rxd8 36. Rxd8+ Bxd8 37. Qd5 Bf6 38. Nd4 Bd7 39. Qxe4 hxg3 40. hxg3 Nc6 41. Bd3 g6 42. Nxg6+ 1-0

[Event "Winnipeg TNT July op"]
[Site "Winnipeg CAN"]
[Date "2004.07.20"]
[Round "3"]
[White "Nikouline, Alexandre"]
[Black "Costales, Servillano"]
[Result "1-0"]
[WhiteElo "1986"]
[BlackElo "1723"]
[PlyCount "97"]
[GameId "2160767911096082"]
[EventDate "2004.07.06"]
[EventType "swiss"]
[EventRounds "4"]
[EventCountry "CAN"]
[SourceTitle "EXT 2006"]
[Source "ChessBase"]
[SourceDate "2005.11.24"]
[SourceVersion "1"]
[SourceVersionDate "2005.11.24"]
[SourceQuality "1"]

1. e4 e6 2. d4 c5 3. c3 Nc6 4. d5 Ne5 5. Nf3 Qc7 6. Be2 Nf6 7. dxe6 dxe6 8. O-O Bd6 9. Nxe5 O-O 10. Nf3 Nxe4 11. Qc2 Nf6 12. h3 b6 13. Na3 a6 14. Nc4 Be7 15. Be3 Bb7 16. Nce5 Rad8 17. Ng4 Nxg4 18. hxg4 c4 19. Rad1 Qc6 20. Rxd8 Bxd8 21. Rd1 Bc7 22. Ne1 Bb8 23. Bf3 Qc7 24. Bxb7 Qxb7 25. Qe2 b5 26. g5 Qc7 27. g3 Qe5 28. Qf3 Qc7 29. Qe4 Qa5 30. a3 Qc7 31. Nf3 Qc8 32. Kg2 Re8 33. Rh1 g6 34. Ne5 Bxe5 35. Qxe5 Qc6+ 36. f3 Qd5 37. Qxd5 exd5 38. Kf2 Re6 39. Rd1 Rd6 40. Bc5 Rd7 41. Re1 Rd8 42. Re7 Rc8 43. Bd4 Kf8 44. Rd7 Rc6 45. Bf6 Rc8 46. Rxd5 Kg8 47. Ke3 Kf8 48. Kd4 Ke8 49. Rd6 1-0